• 首页
  • 本馆介绍
  • 公告通知
  • 最新文献
  • 馆藏检索
  • 电子资源
  • 读者导购
  • 参考咨询
  • 我的图书馆
  • 登录
  • 详细信息显示
  • 放入我的书架
  • 预约/预借图书
  • 作者相关作品
  • 分类相关作品
  • 丛书相关作品
  • 出版社相关作品

书目信息

  • 表格格式
  • 工作单格式
  • 卡片格式
题名:
Audition/Cubase/Nuendo音频处理与音乐制作高手真经
    
 
作者: ;华天科技 编著
分册:  
出版信息: 北京   中国铁道出版社  2014.7
页数: 498页
开本: 26cm
丛书名:
单 册:
中图分类: J618.9
科图分类:
主题词: 音乐软件--Yin Le Ruan Jian
电子资源:
ISBN: 978-7-113-18546-6
000 00920nam0 22002411 450
001 0101082432
005 20161202101233.82
010    @a978-7-113-18546-6@dCNY69.80
100    @a20140819d2014 em y0chiy50 ea
101 0  @achi
102    @aCN@b110000
105    @aa z 000yy
106    @ar
200 1  @aAudition/Cubase/Nuendo音频处理与音乐制作高手真经@AAudition/Cubase/NuendoYin Pin Chu Li Yu Yin Le Zhi Zuo Gao Shou Zhen Jing@f华天编著
210    @a北京@c中国铁道出版社@d2014.7
215    @a498页@c图@d26cm@e附光盘1片
307    @a附光盘:ISBN 978-7-89406-206-2
330    @a本书不仅讲解了运用Audition、Cubase、Nuendo三款软件处理音频和制作音乐,还讲解了会声会影和EDIUS处理音频的技巧,书中还附有100个音频音乐制作的常见问题解答。
606 0  @a音乐软件@AYin Le Ruan Jian
690    @aJ618.9@v5
711 02 @a华天科技@AHua Tian Ke Ji@4编著
801  0 @aCN@bTANGWEI@c20161128
905    @b0951300-4@dJ618.9@e712@f5
    
    Audition/Cubase/Nuendo音频处理与音乐制作高手真经/华天编著 .-北京:中国铁道出版社,2014.7
    498页:图;26cm+附光盘1片
    
    
    ISBN 978-7-113-18546-6:CNY69.80
    本书不仅讲解了运用Audition、Cubase、Nuendo三款软件处理音频和制作音乐,还讲解了会声会影和EDIUS处理音频的技巧,书中还附有100个音频音乐制作的常见问题解答。
●
相关链接 在E读中查询图书 在五车中查询图书 在当当中查询图书 在豆瓣中查询图书


正题名:Audition/Cubase/Nuendo音频处理与音乐制作高手真经     索取号:J618.9/712         预约/预借

序号 登录号 条形码 馆藏地/架位号 状态 备注
1 0951300   209513007   第一样本阅览室/ [索取号:J618.9/712] 在馆    
2 0951301   209513016   第一借阅区/ [索取号:J618.9/712] 在馆    
3 0951302   209513025   第一借阅区/ [索取号:J618.9/712] 在馆    
4 0951303   209513034   第一借阅区/ [索取号:J618.9/712] 在馆    
5 0951304   209513043   第一借阅区/ [索取号:J618.9/712] 在馆    
唐山师范学院图书馆 欢迎您!
大连网信软件有限公司© 版权所有